000 00304nam a22001337a 4500
008 170713b xxu||||| |||| 00| 0 eng d
020 _a9780136006527
041 _aeng
080 _a101
100 _a24
101 _aFIL
245 _aCLASSIC PHILOSOPHICAL QUESTIONS
_cMULVANEY, R.J
942 _2udc
_cBK
999 _c20588
_d20588